UBT Library

Literacy for the 21st century / (Record no. 40295)

000 -LEADER
fixed length control field 00742cam a2200241 a 4500
001 - CONTROL NUMBER
control field 12554469
005 - DATE AND TIME OF LATEST TRANSACTION
control field 20180115075608.0
008 - FIXED-LENGTH DATA ELEMENTS--GENERAL INFORMATION
fixed length control field 011003s2003 njua b 001 0 eng
010 ## - LIBRARY OF CONGRESS CONTROL NUMBER
LC control number 2001054352
020 ## - INTERNATIONAL STANDARD BOOK NUMBER
International Standard Book Number 0130985902
040 ## - CATALOGING SOURCE
Original cataloging agency DLC
Transcribing agency DLC
Modifying agency DLC
041 ## - LANGUAGE CODE
Language code of text/sound track or separate title eng
080 ## - UNIVERSAL DECIMAL CLASSIFICATION NUMBER
Universal Decimal Classification number 372.6 TOM
082 00 - DEWEY DECIMAL CLASSIFICATION NUMBER
Classification number 372.6 TOM
Edition number 21
100 1# - Rafti
Rafti 46
101 ## - Shkurtesa
Shkurtesa EDU
245 10 - TITLE STATEMENT
Title Literacy for the 21st century /
Statement of responsibility, etc Gail E. Tompkins.
246 3# - VARYING FORM OF TITLE
Title proper/short title Literacy for the twenty-first century
504 ## - BIBLIOGRAPHY, ETC. NOTE
Bibliography, etc Includes bibliographical references and indexes.
906 ## - LOCAL DATA ELEMENT F, LDF (RLIN)
a 7
b cbc
c orignew
d 1
e ocip
f 20
g y-gencatlg
942 ## - ADDED ENTRY ELEMENTS (KOHA)
Source of classification or shelving scheme
Item type Books
Holdings
Withdrawn status Lost status Source of classification or shelving scheme Damaged status Not for loan Collection code Permanent location Current location Shelving location Date acquired Total Checkouts Full call number Barcode Date last seen Price effective from Koha item type
          Koleksioni i përgjithshem UBT - Lipjan UBT - Lipjan Koleksioni i përgjithshem 01/15/2018   372.6 TOM 002-2995395 01/15/2018 01/15/2018 Books
UBT Library © 2015-2024. All rights reserved University Education for Business and Technology